000 nam a22 7a 4500
999 _c234992
_d234992
003 Nust
005 20170404120948.0
008 170404b xxu||||| |||| 00| 0 eng d
020 _a9698779078
040 _c0
082 _a338.9 IFT
245 _aEnvironmentally Sustainable Development:
_bPrograms & Abstracts
_cChief Editor [Iftikhar Ahmed Raja]
260 _aAbbottabad
_bCIIT
_c2005
300 _a141p.
500 _aP.B
942 _2ddc
_cBK
_k338.9 IFT